|
|
|
|
| LEADER |
00000naa2a2200000 4500 |
| 001 |
146615 |
| 005 |
20231031144721.0 |
| 035 |
|
|
|a (RuTPU)RU\TPU\book\158921
|
| 090 |
|
|
|a 146615
|
| 100 |
|
|
|a 20081030d2003 k y0rusy50 ca
|
| 101 |
0 |
|
|a rus
|
| 102 |
|
|
|a RU
|
| 200 |
1 |
|
|a Электронный документооборот предприятия на основе WEB-технологий ASP.NET
|f В. С. Агафонов, А. В. Марчуков
|
| 320 |
|
|
|a Библиогр.: 2 назв.
|
| 463 |
|
0 |
|0 (RuTPU)RU\TPU\book\66157
|y 5-98928-001-3
|t Молодежь и современные информационные технологии
|o Сборник трудов региональной научно-практической конференции студентов, г.Томск, 25-26 февраля 2003 г.
|f Томский политехнический университет
|v С. 180-182
|d 2003
|p 190 с.
|
| 610 |
1 |
|
|a документооборот
|
| 610 |
1 |
|
|a предприятия
|
| 610 |
1 |
|
|a электронный документооборот
|
| 610 |
1 |
|
|a WEB-технологии
|
| 610 |
1 |
|
|a системы управления документами
|
| 610 |
1 |
|
|a эффективность
|
| 610 |
1 |
|
|a программные продукты
|
| 610 |
1 |
|
|a автоматизированный контроль
|
| 610 |
1 |
|
|a контроль
|
| 610 |
1 |
|
|a малый бизнес
|
| 610 |
1 |
|
|a цифровая подпись
|
| 610 |
1 |
|
|a труды учёных ТПУ
|
| 700 |
|
1 |
|a Агафонов
|b В. С.
|
| 701 |
|
1 |
|a Марчуков
|b А. В.
|
| 801 |
|
1 |
|a RU
|b 63413507
|c 20081030
|g PSBO
|
| 942 |
|
|
|c BK
|